New inside out : pre-intermediate dvd [dvd] /

Guardado en:
Autor Principal: Hobbs, Martyn
Otros Autores: Keddle, Julia Starr
Formato: Libro
Publicado: Oxford : Macmillan, 2008
Materias:
Etiquetas: Agregar Etiqueta
Sin Etiquetas, Sea el primero en etiquetar este registro!
LEADER 00614nam a22002055a 4500
001 EHU.bham040261
003 AR-BHAM
005 20090910164244.0
008 130507s2008##################000#0#####d
020 |a 9781405099585 
082 4 2 |a 428.3 
100 1 |a Hobbs, Martyn 
245 1 0 |a New inside out :  |b pre-intermediate dvd [dvd] /  |c Martyn Hobbs And Julia Keddle 
260 |a Oxford :  |b Macmillan,  |c 2008 
300 |a 1 DVD 
653 |a Inglés 
653 |a Inglés-enseñanza 
653 |a Inglés-aprendizaje 
700 1 |a Keddle, Julia Starr 
859 |a AR-BHAM  |b BIB. HUMANIDADES - CDs y DVDs  |h 428.3  |i H652  |p 644.09  |t Ej.1  |v DVD